LEADER 01148nam a2200193 i 4500 001 000000242888 003 CaOOAMICUS 005 20150618000000.0 008 150618s1731 it u000 u ita u 013 $a221793 026 $an-m, a-a- e:le Olpr (3) 1731 (R) 040 $aSeMil$bita 245 10$aSegreto 5. per iscuoprire se taluno ami Dio sopra ogni cosa, e'l prossimo suo come se stesso: senza di che non vi č speranza positiva di eterna salute .. 300 $a[8], 288 p. 500 $aSegn. : pg4 A-S8. 773 0 $aMeda, Filippo $tSegreti spirituali, morali e misti, non meno curiosi, che utili, i quali ognuno gia sa, contuttociņ ansiosamente gli va cercando: divisi in opuscoli diversi, ... Divota eutrapelia di monsignor Filippo Meda ..$dIn Nap. : Nella stamperia di Felice Mosca, 1729-1732.$g5$w()32062 850 $aSeMil 852 $aSeMil$W1$xVenegono$y1$m3F II 291 FA$j193234$B193234$CSeMilBibl$Z2$F204044 $8I 996 $6245$aSegreto 5. per iscuoprire se taluno ami Dio sopra ogni cosa, e'l prossimo suo come se stesso: senza di che non vi č speranza positiva di eterna salute ..$9(OLS)http://semarc/title/344692 LEADER 01105nam a2200253 i 4500 001 000000192541 003 CaOOAMICUS 005 20100922000000.0 008 100922s2009 it u000 u mul u 013 $a171137 040 $aSeMil$bita 100 1 $aAgostino : da Trento.$0(OLS)http://semarc/name/70186 245 10$aAstrologia e medicina /$cAgostino da Trento ; a cura di Domenico Gobbi. 260 $aTrento :$bCivis,$c2009. 300 $aLXIII, 88 p. :$bill. ;$c21 cm. 490 0 $aStudi agostiniani trentini 500 $aContiene la trascrizione di: Opusculum de astrologia et medicina, manoscritti del 1340 e 1348 conservati a Monaco e Cracovia. 650 4$aAstrologia.$0(OLS)http://semarc/subject/7642 700 1 $aGobbi, Domenico.$0(OLS)http://semarc/name/24630 830 0$aStudi agostiniani trentini.$0(OLS)http://semarc/title/31933 850 $aSeMil 852 $aSeMil$W1$xVenegono$y1$m3X III 29$j143116$B143116$CSeMilBibl$Z2$F155035 $81 996 $6245$aAstrologia e medicina$9(OLS)http://semarc/title/277516 996 $6260$aTrento :$bCivis$9(OLS)http://semarc/publisher/29793